Normal view
MARC view
- العالم العربي
Entry Topical Term
001 - CONTROL NUMBER
- control field: 61337
003 - CONTROL NUMBER IDENTIFIER
- control field: JO-AjAnu
005 - DATE AND TIME OF LATEST TRANSACTION
- control field: 20230606084025.0
008 - FIXED-LENGTH DATA ELEMENTS
- fixed length control field: 230606|| aca||aabn | a|a d
040 ## - CATALOGING SOURCE
- Original cataloging agency: JO-AjAnu
- Transcribing agency: JO-AjAnu
150 ## - HEADING--TOPICAL TERM
- Topical term or geographic name entry element: العالم العربي
670 ## - SOURCE DATA FOUND
- Source citation: Work cat.: (JO-AjAnu)31288: تأليف برادة،محمد، ابراهيم غرايبة، وليد عبدالحي، باسم الطويسي، جابر عصفور، حسن مدن، علي فخور، عامر السبايلة، محي الدين توق؛ تقديم ابراهيم غرايبة, author 61336, العالم العربي: قراءات في المشهد الحالي